4 to 13 letters quiz # W - Statistics

General Stats
  • This quiz has been taken 32 times
  • The average score is 8 of 10
Answer Stats
Hint Answer # of Letters % Correct
Constituent country of the United Kingdom Wales 5
100%
The capital and largest city of Poland Warsaw 6
100%
Home state of the Milwaukee Bucks of the NBA Wisconsin 9
97%
Least populous US state Wyoming 7
93%
The world's southernmost capital city Wellington 10
87%
City in central Texas and site of infamous 1993 siege Waco 4
83%
State located in the Appalachian region of the United States (two words) West Virginia 12
83%
Inner London borough which occupies much of the central area Westminster 11
60%
The capital and largest city of the province of Manitoba in Canada Winnipeg 8
60%
Disputed territory in the Maghreb region of North Africa (two words) Western Sahara 13
50%
No matching quizzes found
Score Distribution
Percent of People with Each Score
Percentile by Number Answered
Your Score History
You have not taken this quiz